[Event "Visma GM 2013"]
[Site "Vaxjo SWE"]
[Date "2013.06.28"]
[Round "5.5"]
[White "Nithander,V"]
[Black "Miezis,N"]
[Result "1-0"]
[WhiteElo "2455"]
[BlackElo "2548"]

1.e4 c5 2.Nf3 e6 3.Nc3 a6 4.d4 cxd4 5.Nxd4 Qc7 6.Bd3 Nc6 7.Nxc6 dxc6 8.O-O e5
9.Rb1 Nf6 10.b4 Be6 11.a4 Bd6 12.a5 O-O 13.Na4 Qe7 14.c3 Nd7 15.Be3 c5 16.Qd2 Rad8
17.Rfd1 cxb4 18.cxb4 Nf6 19.f3 Bd7 20.Nc5 Bc8 21.Qc3 Nh5 22.Bf1 Nf4 23.Rd2 Bc7
24.Rc2 Bb8 25.Na4 Bd7 26.Nb6 Be6 27.Bc5 Bd6 28.Qxe5 Qc7 29.Qb2 Rfe8 30.Bd4 Qb8
31.g3 Nh5 32.f4 f5 33.e5 Bf8 34.Be2 Bf7 35.Rbc1 g5 36.Rc7 Ng7 37.Nd7 Rxd7
38.Rxd7 Be6 39.Bc4 gxf4 40.gxf4 Kh8 41.Bxe6 Nxe6 42.Rcc7 Bg7 43.Rxg7 Nxg7
44.Rxg7 Kxg7 45.e6+ Kh6 46.Bg7+ Kh5 47.Qe2+  1-0

[Event "66th ch-RUS HL"]
[Site "Yekaterinburg RUS"]
[Date "2013.06.28"]
[Round "8.25"]
[White "Kozlitin,R"]
[Black "Shishigin,D"]
[Result "1/2-1/2"]
[WhiteElo "2361"]
[BlackElo "2230"]

1.e4 c5 2.Nf3 e6 3.d4 cxd4 4.Nxd4 a6 5.Nc3 b5 6.Be3 Qc7 7.f3 Nf6 8.Qd2 b4
9.Nce2 Bb7 10.O-O-O d5 11.e5 Nfd7 12.f4 Nc5 13.Ng3 Nbd7 14.Kb1 Qb6 15.Be2 g6
16.h4 h5 17.Bf3 O-O-O 18.Rc1 Kb8 19.c3 b3 20.axb3 Nxb3 21.Nxb3 Qxb3 22.Ne2 Qc4
23.Nd4 Qc7 24.g4 hxg4 25.Bxg4 Nc5 26.h5 Ne4 27.Qe1 gxh5 28.Rxh5 Bc5 29.Qh4 Rxh5
30.Qxh5 Rc8 31.Qh2 Qb6 32.Qc2 Ka8 33.Bh5 Rc7 34.Rg1 Bc8 35.Rg8 Kb7 36.Rg7 Bb4
37.Rxf7 Nxc3+ 38.Kc1 Ne2+ 39.Nxe2 Qxe3+ 40.Kb1 Rxf7 41.Bxf7 Bd7 42.f5 Qxe5
43.Bxe6 Bxe6 44.fxe6 Qxe6 45.Nf4 Qe4 46.Nd3 a5 47.Ka2 Kb6 48.Qd1 Kb5 49.Qf1 Qc4+
50.Kb1 Bd6 51.Qh3 a4 52.Qd7+ Qc6 53.Qf5 Kc4 54.Qf1 Kd4 55.Qd1 Ke3 56.Ne1 Qc4
57.Qf3+ Kd4  1/2-1/2

[Event "HSC/De Legibus Open 2013"]
[Site "Helmond NED"]
[Date "2013.06.30"]
[Round "7.5"]
[White "Majhi,Ankit"]
[Black "Djuric,S"]
[Result "0-1"]
[WhiteElo "2069"]
[BlackElo "2434"]

1.e4 c5 2.Nf3 e6 3.d4 cxd4 4.Nxd4 a6 5.Nc3 Qc7 6.Bd3 Nc6 7.Nxc6 bxc6 8.O-O Nf6
9.f4 d5 10.Qf3 Be7 11.b3 O-O 12.Bb2 a5 13.Rae1 Ba6 14.e5 Nd7 15.Nd1 Bxd3
16.cxd3 a4 17.f5 exf5 18.Qxf5 Nc5 19.d4 Ne4 20.Rf3 g6 21.Qf4 f5 22.h4 axb3
23.axb3 Ra2 24.Re2 Qa7 25.Nc3 Qxd4+ 26.Rfe3 Rxb2 27.Rxb2 Bc5 28.Nxe4 fxe4  0-1

[Event "Karvina Open 2013"]
[Site "Karvina CZE"]
[Date "2013.06.30"]
[Round "2.1"]
[White "Weissmann,L"]
[Black "Simantsev,M"]
[Result "0-1"]
[WhiteElo "2136"]
[BlackElo "2473"]

1.e4 c5 2.Nf3 e6 3.d4 cxd4 4.Nxd4 a6 5.Nc3 b5 6.Bd3 Qb6 7.Be3 Bc5 8.Be2 Nc6
9.Nxc6 dxc6 10.Bxc5 Qxc5 11.Qd3 Nf6 12.f4 e5 13.O-O-O O-O 14.f5 Ra7 15.g4 Rd7
16.Qf3 Rfd8 17.Rxd7 Rxd7 18.g5 Ne8 19.h4 f6 20.Nd1 Qe7 21.Qe3 c5 22.Nc3 Bb7
23.Rg1 Rd4 24.Bf3 Nd6 25.Ne2 Nc4 26.Qf2 Rd7 27.gxf6 Qxf6 28.b3 Nd2 29.Ng3 Qxh4
30.Rd1 Nxe4 31.Bxe4 Rxd1+ 32.Kxd1 Bxe4 33.Qxc5 Bf3+ 34.Kc1 Qf4+ 35.Kb1 h5
36.Qc8+ Kh7 37.f6 Qxf6 38.Qe8 Qg5  0-1

[Event "11th Niki Open 2013"]
[Site "Nachod CZE"]
[Date "2013.06.30"]
[Round "2.18"]
[White "Cermak,Jan"]
[Black "Tesar,J"]
[Result "0-1"]
[WhiteElo "1740"]
[BlackElo "2094"]

1.e4 c5 2.Nf3 e6 3.d4 cxd4 4.Nxd4 a6 5.Nc3 Qc7 6.g3 Bb4 7.Bd2 Nc6 8.Nb3 Nf6
9.Bg2 b6 10.O-O Bb7 11.Qe2 Ne5 12.a3 Be7 13.Bf4 d6 14.Rfd1 Nc4 15.Bc1 Rc8
16.Nd2 Ne5 17.h3 O-O 18.f4 Nc6 19.Nb3 Rfe8 20.Be3 Nd7 21.Qf2 Bf6 22.Rd3 Nc5
23.Nxc5 bxc5 24.e5 dxe5 25.Bxc5 exf4 26.Bd6 fxg3 27.Qxg3 Qb6+ 28.Kh2 Nd4
29.Be4 Qxb2 30.Rf1 Ne2 31.Qg2 Rxc3 32.Rxf6 Bxe4 33.Rxe6 fxe6  0-1

[Event "TCh-MNE Prem 2013"]
[Site "Cetinje MNE"]
[Date "2013.07.01"]
[Round "8.4"]
[White "Todorovic,J"]
[Black "Lekic,L"]
[Result "1-0"]
[WhiteElo "2436"]
[BlackElo "2037"]

1.e4 c5 2.Nf3 e6 3.d4 cxd4 4.Nxd4 a6 5.Nc3 Qc7 6.Bd3 Nf6 7.O-O d6 8.f4 Nbd7
9.Kh1 Be7 10.Qe2 O-O 11.Bd2 Nc5 12.e5 Nfd7 13.Rae1 Nxd3 14.cxd3 b5 15.Rc1 dxe5
16.Nd5 Qd6 17.Nxe7+ Qxe7 18.Nc6 Qh4 19.fxe5 f5 20.Rf4 Qg5 21.Rxf5 Qxf5 22.Ne7+ Kh8
23.Nxf5 Rxf5 24.Rc7 Rb8 25.h3 h6 26.Qg4  1-0

[Event "VIII Wroclaw Open A 2013"]
[Site "Wroclaw POL"]
[Date "2013.07.01"]
[Round "1.13"]
[White "Dadello,Al"]
[Black "Kubien,J"]
[Result "0-1"]
[WhiteElo "1843"]
[BlackElo "2204"]

1.e4 c5 2.Nf3 a6 3.Nc3 e6 4.d4 cxd4 5.Nxd4 Qc7 6.Bd3 Nc6 7.Nxc6 bxc6 8.O-O d5
9.Re1 Bb7 10.f4 Nf6 11.e5 Nd7 12.Qf3 g6 13.Be3 c5 14.Bf2 Be7 15.Qh3 c4 16.Bf1 h5
17.Ne2 Nc5 18.Bh4 Ne4 19.c3 g5 20.Bxg5 Nxg5 21.fxg5 Qxe5 22.g6 Bc5+ 23.Nd4 Bxd4+
24.cxd4 Qxd4+ 25.Kh1 Qg4 26.Qc3 O-O 27.gxf7+ Rxf7 28.Qe5 Raf8 29.Be2 Qf5
30.Bf3 Bc8 31.h3 Qxe5 32.Rxe5 Rf5 33.Rae1 Kg7 34.Bxh5 Rxe5 35.Rxe5 Rf1+ 36.Kh2 Kf6
37.Re3 d4 38.Rg3 Bb7 39.Rg6+ Ke5 40.Be2 Rc1 41.Bg4 Bd5 42.h4 Rc2 43.Bd1 Rxb2
44.h5 Rb7 45.g4 d3 46.h6 Be4 47.Rg7 Rxg7 48.hxg7 Bh7 49.g5 c3 50.g6 Bg8  0-1

[Event "41st TCh-GRE"]
[Site "Rio (Achaia) GRE"]
[Date "2013.07.02"]
[Round "1.8"]
[White "Roinos,Ilias"]
[Black "Naoum,S"]
[Result "1/2-1/2"]
[WhiteElo "1915"]
[BlackElo "2207"]

1.e4 c5 2.Nf3 e6 3.d4 cxd4 4.Nxd4 a6 5.Nc3 Qc7 6.g3 b5 7.Bg2 Bb7 8.O-O d6
9.Re1 Nd7 10.a4 b4 11.Na2 Ngf6 12.Nxb4 Nc5 13.Nd5 exd5 14.exd5+ Kd8 15.Bg5 Be7
16.b4 Ncd7 17.Nc6+ Bxc6 18.dxc6 Nb6 19.a5 Nc8 20.c4 Rb8 21.Qd2 Re8 22.c5 h6
23.Bf4 Bf8 24.Rad1 g5 25.Qd4 Rxe1+ 26.Rxe1 Ne8 27.Be5 Be7 28.Bg7 f6 29.Bxh6 Na7
30.Qe4 Rc8 31.h4 gxh4 32.Bf4 hxg3 33.Bxg3 Nxc6 34.Bh3 Rb8 35.cxd6 Nxd6 36.Qe6 Ne5
37.Bxe5 f5 38.Qxf5 Rb5 39.Qe6 Rxe5 40.Kh1 Rh5 41.Rd1 Rh8 42.Rxd6+ Bxd6 43.Qf6+ Qe7
44.Qxh8+ Qf8 45.Qh4+ Kc7 46.Qc4+ Kb8 47.Qc6 Bc7 48.b5 Qh8 49.Qe6 axb5 50.a6 Ka7
51.Kg2 Qg7+ 52.Bg4 Bb6  1/2-1/2

[Event "41st TCh-GRE"]
[Site "Rio (Achaia) GRE"]
[Date "2013.07.02"]
[Round "1.9"]
[White "Kadianis,Georgios"]
[Black "Zisiadis,Dimitrios"]
[Result "0-1"]
[WhiteElo "1691"]
[BlackElo "1763"]

1.e4 c5 2.Nf3 e6 3.d4 cxd4 4.Nxd4 a6 5.Nc3 Qc7 6.a4 Nf6 7.Bd3 b6 8.O-O Bb7
9.Qe2 d6 10.Be3 Be7 11.f4 Nbd7 12.Rae1 O-O 13.g4 Nc5 14.Bd2 Rfe8 15.b4 Nxd3
16.cxd3 d5 17.g5 Nd7 18.Rc1 Qd8 19.b5 Bc5 20.Be3 Rc8 21.e5 f6 22.Nf3 d4 23.Nxd4 fxe5
24.Nb3 exf4 25.Nxc5 Qxg5+ 26.Kf2 fxe3+ 27.Qxe3 Rxc5 28.Qxg5 Rxg5 29.bxa6 Rg2+
30.Ke3 Bxa6 31.Ne4 Ne5 32.Nd6 Rd8 33.Nc4 Rxd3+  0-1

[Event "20th Abu Dhabi Masters 2013"]
[Site "Abu Dhabi UAE"]
[Date "2013.07.03"]
[Round "5.6"]
[White "Bajarani,U"]
[Black "Oleksienko,M"]
[Result "0-1"]
[WhiteElo "2417"]
[BlackElo "2568"]

1.e4 c5 2.Nf3 e6 3.d4 cxd4 4.Nxd4 a6 5.Nc3 b5 6.Bd3 Qb6 7.Nf3 Qc7 8.O-O Bb7
9.Re1 Be7 10.e5 f5 11.a4 b4 12.Nb1 Nc6 13.h4 Bc5 14.Nbd2 Nh6 15.Nc4 Ng4 16.Re2 O-O
17.Bf4 Ne7 18.h5 Nd5 19.Bg3 Ndf6 20.h6 Nxh6 21.Bf4 Nhg4 22.Kf1 Ne4  0-1

[Event "IsBank TCh-TUR 2013"]
[Site "Denizli TUR"]
[Date "2013.07.03"]
[Round "5.6"]
[White "Karamahmutoglu,E"]
[Black "Apaydin,F"]
[Result "1-0"]
[WhiteElo "1983"]
[BlackElo "2234"]

1.e4 c5 2.Nc3 a6 3.Nf3 e6 4.d4 cxd4 5.Nxd4 Qc7 6.Bd3 Nf6 7.Qe2 Nc6 8.Nxc6 bxc6
9.e5 Nd5 10.Nxd5 cxd5 11.O-O d6 12.Bf4 Be7 13.Rae1 Bb7 14.Qh5 g6 15.Qh3 O-O-O
16.Qe3 d4 17.Qe2 g5 18.Bg3 Qb6 19.c4 dxe5 20.Qxe5 Bd6 21.Qf6 Bxg3 22.hxg3 Qc7
23.Re5 h5 24.b4 Kb8 25.Rxg5 h4 26.Rc5 Qd6 27.gxh4 Rdg8 28.Rg5 Qf8 29.Qf4+ Ka8
30.Be4 Qb8 31.Rxg8 Rxg8 32.Qxb8+ Kxb8 33.Bxb7 Kxb7 34.Rd1 e5 35.Kf1 Rc8 36.Rc1 a5
37.a3 axb4 38.axb4 Kc6 39.Ra1 Kb6 40.Rc1 Ra8 41.h5 f5 42.c5+ Kc6 43.b5+ Kxb5
44.c6 d3 45.Ke1 Ra2 46.Kd1 Rxf2 47.c7  1-0

[Event "Karvina Open 2013"]
[Site "Karvina CZE"]
[Date "2013.07.03"]
[Round "5.18"]
[White "Kolar,St"]
[Black "Stetz,J"]
[Result "1-0"]
[WhiteElo "2058"]
[BlackElo "1701"]

1.e4 c5 2.Nf3 e6 3.Nc3 a6 4.d4 cxd4 5.Nxd4 d5 6.exd5 exd5 7.Be2 Nc6 8.O-O Nxd4
9.Qxd4 Nf6 10.Bg5 Be6 11.Bxf6 Qxf6 12.Qxf6 gxf6 13.Rad1 Rd8 14.Bf3 d4 15.Ne2 Bc5
16.Bxb7 Bc4 17.Bc6+ Kf8 18.Rfe1 Kg7 19.b3 Be6 20.Nf4 Bf5 21.Be4 Bg4 22.Rd3 Kf8
23.h3 Bd7 24.a4 a5 25.Red1 Bc8 26.c3 Ba6 27.c4 Bc8 28.Ne2 Re8 29.Ng3 h5 30.Bf3 h4
31.Ne4 Ba7 32.Nd6 Rd8 33.Nb5 Bb6 34.Nxd4 Kg7 35.Bg4 Bb7 36.c5 Bc7 37.Nf5+ Kg6
38.c6 Ba6 39.Rd7 Bb6 40.c7 Bxc7 41.Ne7+ Kg5 42.Rxc7 Rxd1+ 43.Bxd1 Rd8 44.Bc2 Rd2
45.Rc5+  1-0

[Event "4th Kiryat Ono Open A"]
[Site "Kiryat Ono ISR"]
[Date "2013.07.04"]
[Round "5.1"]
[White "Efroimski,M"]
[Black "Kantsler,B"]
[Result "0-1"]
[WhiteElo "2283"]
[BlackElo "2430"]

1.e4 c5 2.Nf3 e6 3.d4 cxd4 4.Nxd4 a6 5.Nc3 Qc7 6.Bd3 Nf6 7.O-O Be7 8.a4 O-O
9.a5 Nc6 10.Nxc6 bxc6 11.Qe2 d5 12.Bg5 Bb7 13.e5 Ne8 14.Bxe7 Qxe7 15.Na4 c5
16.c4 Nc7 17.b3 Rab8 18.Qe3 d4 19.Qh3 g6 20.Bc2 Bc6 21.Nb2 Ne8 22.Rfe1 Ng7
23.Nd3 Nf5 24.Nf4 Qg5 25.Bxf5 Qxf4 26.Bxe6 Rfe8 27.Bd7 Bxd7 28.Qxd7 Rxe5
29.g3 Qf6 30.Qc7 Rbe8 31.Rxe5 Rxe5 32.b4 cxb4 33.Rd1 Re2 34.f4 d3 35.Qd7 Qb2
36.Qd8+ Kg7 37.Qd5 b3 38.f5 Qc3 39.f6+ Qxf6 40.Rf1 Qe7 41.Qxd3 Qc5+ 42.Kh1 Qc6+
43.Qd5 Qxd5+ 44.cxd5 b2 45.d6 Rc2 46.d7 Rc1 47.d8=Q Rxf1+ 48.Kg2 b1=Q 49.Qd4+ Rf6  0-1

[Event "9th Baltic Pearl 2013"]
[Site "Lazy POL"]
[Date "2013.07.04"]
[Round "5.10"]
[White "Pietruszewski,M"]
[Black "Jacek,K"]
[Result "0-1"]
[WhiteElo "2099"]
[BlackElo "2139"]

1.e4 c5 2.Nf3 e6 3.d4 cxd4 4.Nxd4 a6 5.Nc3 Qc7 6.Be2 Nc6 7.O-O Nf6 8.Be3 Be7
9.f4 d6 10.a4 O-O 11.Qd2 Na5 12.Qd3 Nc6 13.Qc4 Bd7 14.a5 Rac8 15.Nb3 Qb8
16.Qd3 Nb4 17.Qd2 Rfe8 18.Bf3 e5 19.f5 d5 20.exd5 Bxf5 21.d6 Rcd8 22.Nd5 Nbxd5
23.Bxd5 Rxd6 24.Rxf5 Rxd5 25.Qe2 e4 26.Raf1 Rxf5 27.Rxf5 Qc8 28.Rf1 Bd6 29.h3 Qe6
30.c4 Rc8 31.c5 Bc7 32.Qc2 Nd5 33.Bd4 Qg6 34.Qf2 Nf4 35.Kh1 Re8 36.Be3 Nd3
37.Qf5 Qxf5 38.Rxf5 Nxb2 39.Rd5 Rd8 40.Rxd8+ Bxd8 41.c6 bxc6 42.Bb6 Be7 43.Bc5 Bxc5
44.Nxc5 f5 45.Ne6 Nc4 46.Nd4 g6 47.Nxc6 Kf7 48.Kg1 Ke6 49.Kf2 Kd6 50.Nb4 Nxa5
51.Nxa6 Nc4 52.g3 Ke5 53.Nc7 g5 54.Ne8 f4 55.g4 e3+ 56.Ke2 Nd6 57.Ng7 Ke4
58.Nh5 f3+ 59.Ke1 Kd3  0-1

[Event "41st TCh-GRE"]
[Site "Rio (Achaia) GRE"]
[Date "2013.07.04"]
[Round "4.9"]
[White "Sidiropoulos,N2"]
[Black "Kalogeris,I"]
[Result "0-1"]
[WhiteElo "1949"]
[BlackElo "2008"]

1.e4 c5 2.Nf3 e6 3.d4 cxd4 4.Nxd4 a6 5.Nc3 b5 6.Bd3 Bb7 7.Be3 Qc7 8.f4 Bb4
9.O-O Bxc3 10.bxc3 Qxc3 11.Qg4 Kf8 12.e5 f5 13.Qh4 Nc6 14.Nb3 Nce7 15.Nc5 Bc6
16.a4 Nd5 17.Bf2 bxa4 18.Nxa4 Qd2 19.Bc5+ Kf7 20.Qf2 Qxf2+ 21.Rxf2 Nge7 22.c4 Nc7
23.Bd6 Ra7 24.Nc5 h6 25.Rfa2 Rha8 26.Bxc7 Rxc7 27.Nxa6 Rca7 28.Nb4 Rxa2 29.Rxa2 Rxa2
30.Nxa2 g5 31.fxg5 hxg5 32.Be2 Be4 33.Bh5+ Kf8 34.Nb4 Nc8 35.Kf2 Nb6 36.Be2 f4
37.c5 Na4 38.Na6 Bb7 39.Bb5 Nc3 40.Nc7 Ne4+ 41.Kg1 Nxc5 42.Bxd7 Nxd7 43.Nxe6+ Ke7
44.Nxg5 Nxe5 45.Kf2 Kf6 46.h4 Kf5 47.Nh3 Nd3+ 48.Ke2 Bxg2 49.Nxf4 Nxf4+ 50.Kd2 Kg4
51.h5 Nxh5 52.Kc3 Kf4 53.Kd4 Be4 54.Kc4 Ke5 55.Kc3 Kd5 56.Kb4 Kd4 57.Kb3 Nf4
58.Kb4 Bd5 59.Ka3 Kc3 60.Ka4 Bc4 61.Ka3 Bb5 62.Ka2 Nd3 63.Ka1 Nc5 64.Ka2 Nb3
65.Ka3 Bc4 66.Ka2 Bd3 67.Ka3 Bb1 68.Ka4 Nd4 69.Ka3 Nb5+ 70.Ka4 Kc4 71.Ka5 Kc5
72.Ka4 Bc2+ 73.Ka5 Bb3 74.Ka6 Nd6 75.Ka5 Nb7+ 76.Ka6 Kc6 77.Ka7 Kc7 78.Ka6 Bc4+
79.Ka7 Nd6 80.Ka8 Bb5 81.Ka7 Nc8+  0-1

[Event "36th Barbera Open"]
[Site "Barbera del Valles ESP"]
[Date "2013.07.05"]
[Round "2.18"]
[White "Porta Tovar,Oriol"]
[Black "Flores Rios,M"]
[Result "0-1"]
[WhiteElo "2113"]
[BlackElo "2492"]

1.e4 c5 2.Nf3 e6 3.d4 cxd4 4.Nxd4 a6 5.Nc3 b5 6.Bd3 Qb6 7.Nf3 Qc7 8.O-O Bb7
9.e5 f5 10.Bf4 Bc5 11.a4 b4 12.Na2 Ne7 13.c3 Nbc6 14.Nxb4 Nxb4 15.cxb4 Bxb4
16.Rc1 Qa5 17.b3 Nd5 18.Bd2 Bxd2 19.Qxd2 Qxd2 20.Nxd2 Nf4 21.Rc3 Bxg2 22.Rfc1 Bc6
23.Nc4 Ke7 24.Bf1 Rhb8 25.f3 a5 26.Kf2 g5 27.Nd2 h5 28.Rc5 g4 29.Kg3 Ng6
30.Bb5 h4+ 31.Kf2 Bxb5 32.axb5 a4 33.Ra1 Nf4 34.Ke3 Nd5+ 35.Kf2 axb3 36.Nxb3 Rxa1
37.Nxa1 Ra8 38.fxg4 Rxa1 39.gxf5 Ra2+ 40.Kg1 h3 41.f6+ Kd8 42.b6 Nxb6 43.Rc3 Rg2+
44.Kh1 Rf2 45.Rxh3 Nc4 46.Rh8+ Kc7 47.Rh5 d6 48.Kg1 Rf4 49.Rh7+ Kc6 50.exd6 Kxd6
51.h4 Rxf6 52.h5 Ne3 53.Rh8 Nf5  0-1

[Event "3rd SPAChess Open"]
[Site "Amsterdam NED"]
[Date "2013.07.06"]
[Round "1.21"]
[White "Timmermans,I"]
[Black "Sula,A"]
[Result "1-0"]
[WhiteElo "2218"]
[BlackElo "2059"]

1.e4 c5 2.Nf3 e6 3.d4 cxd4 4.Nxd4 a6 5.Nc3 Qc7 6.Bd3 Nf6 7.f4 d6 8.Be3 Nbd7
9.Qe2 b6 10.g4 e5 11.Nf5 exf4 12.Bxf4 Ne5 13.g5 Nfg4 14.Nd5 Qc6 15.Nd4 Qc5
16.Nb3 Qc6 17.h3 h5 18.hxg4 Bxg4 19.Qe3 Rb8 20.Nd4 Qc5 21.b4 Qxd4 22.Qxd4 Nf3+
23.Kf2 Nxd4 24.Be3 Nc6 25.Bxa6 b5 26.Bxb5 Kd7 27.a4 Be6 28.c4 g6 29.Bd4 Rxb5
30.axb5 Nxd4 31.Ra7+ Kd8 32.Ra8+ Bc8 33.Nb6 Kc7 34.Nd5+ Kd7 35.Rha1 Bg7 36.R1a7+ Kd8
37.Rc7  1-0

[Event "3rd SPAChess Open"]
[Site "Amsterdam NED"]
[Date "2013.07.06"]
[Round "1.16"]
[White "Breuker,D"]
[Black "Kremer,M"]
[Result "0-1"]
[WhiteElo "2073"]
[BlackElo "2250"]

1.e4 c5 2.Nf3 e6 3.d4 cxd4 4.Nxd4 a6 5.Nc3 b5 6.Bd3 Qb6 7.Nb3 Nc6 8.Be3 Qb8
9.O-O Bd6 10.f4 Nge7 11.Qg4 g6 12.Qh4 Ng8 13.Rae1 Be7 14.Qf2 Nf6 15.Qf3 O-O
16.g4 d6 17.g5 Nd7 18.e5 Bb7 19.exd6 Bxd6 20.Be4 Qc7 21.Rd1 f5 22.gxf6 Nxf6
23.Rxd6 Qxd6 24.Bc5 Qc7 25.Bxf8 Rxf8 26.Qh3 Kg7 27.Bg2 b4 28.Ne2 a5 29.Qxe6 Re8
30.Qc4 Qb6+ 31.Nbd4 Rxe2 32.Qxe2 Ba6 33.Qf2 Nxd4 34.Re1 Ng4 35.Re7+ Kf8 36.Re6 Nf3+
37.Bxf3 Qxf2+ 38.Kh1 Qxh2+  0-1

[Event "120th ch-SCO 2013"]
[Site "Helensburgh SCO"]
[Date "2013.07.06"]
[Round "1.5"]
[White "Sreeves,C"]
[Black "Gretarsson,Hj"]
[Result "0-1"]
[WhiteElo "2251"]
[BlackElo "2511"]

1.e4 c5 2.Nf3 e6 3.d4 cxd4 4.Nxd4 a6 5.Nc3 Qc7 6.Bd3 Nc6 7.Nxc6 dxc6 8.O-O Nf6
9.f4 e5 10.Qf3 Bd6 11.f5 b5 12.Qg3 Kf8 13.Nd1 Bb7 14.Qf3 c5 15.c3 Rd8 16.Bc2 c4
17.Nf2 Bc5 18.Kh1 Bxf2 19.Qxf2 Bxe4 20.Bxe4 Nxe4 21.Qh4 Nf6 22.Bg5 Qd6 23.a4 h6
24.axb5 axb5 25.Ra5 Qd3 26.Kg1 Qd6 27.Rxb5 Rc8 28.Bxf6 gxf6 29.Rb4 Qc5+ 30.Kh1 Kg7
31.Qg4+ Kh7 32.Rb7 Rc7 33.Rxc7 Qxc7 34.Qh4 Qc6 35.h3 Rd8 36.Qh5 Qb7 37.Rf2 Rd3
38.Kh2 e4 39.Qh4 e3 40.Re2 Rd2 41.Qxc4 Qb8+ 42.g3 Kh8 43.b4 Qd8 44.Kg1 Qa8
45.Kh2 Qf3 46.Rxd2 exd2 47.Qxf7 Qf2+ 48.Kh1 d1=Q+  0-1

[Event "Klatov Open A 2013"]
[Site "Klatovy CZE"]
[Date "2013.07.06"]
[Round "8.26"]
[White "Kantor,Joze"]
[Black "Vesely,Roman1"]
[Result "0-1"]
[WhiteElo "1883"]
[BlackElo "1899"]

1.e4 c5 2.Nf3 e6 3.d4 cxd4 4.Nxd4 a6 5.Nc3 Nc6 6.Be3 Nge7 7.Qd2 b5 8.a3 Bb7
9.Nb3 d6 10.Be2 Ng6 11.O-O Be7 12.Rad1 Qc7 13.Bg5 Rd8 14.Bxe7 Ngxe7 15.Qe3 O-O
16.Qg3 Ne5 17.Kh1 Nc4 18.Bxc4 Qxc4 19.Nd2 Qc5 20.Nb3 Qb6 21.Rfe1 f5 22.Nd4 Rf6
23.Qd3 e5 24.Nf3 Rdf8 25.Qe3 Qc7 26.Rd2 fxe4 27.Nxe4 Bxe4 28.Qxe4 Rf4 29.Qd3 Nf5
30.Qd5+ Qf7 31.Qd3 h6 32.c3 Qh5 33.Kg1 Kh8 34.Re4 Rxe4 35.Qxe4 Qg6 36.h3 Qe6
37.Nd4 Nxd4 38.Rxd4 Rf4 39.Qa8+ Kh7 40.Rd5 e4 41.Rd4 Qf6 42.Qd5 Rxf2 43.Qxe4+ Kg8
44.Qd3 Rxb2 45.Rxd6 Qf2+  0-1

[Event "EY Boys Teams 2013"]
[Site "Maribor SLO"]
[Date "2013.07.06"]
[Round "1"]
[White "Petrusic,T"]
[Black "Drozdowski,K"]
[Result "1-0"]
[WhiteElo "2289"]
[BlackElo "2456"]

1.e4 c5 2.Nf3 e6 3.d4 cxd4 4.Nxd4 a6 5.Nc3 Qc7 6.Bd3 Nf6 7.O-O d6 8.Be3 Nbd7
9.f4 b5 10.a3 g6 11.Qf3 Bb7 12.Rae1 Bg7 13.h3 O-O 14.g4 Nc5 15.g5 Nfd7 16.Qf2 Rae8
17.Nde2 f5 18.gxf6 Nxf6 19.Ng3 Nxd3 20.cxd3 Qd7 21.Kh2 e5 22.f5 d5 23.Bg5 d4
24.Nce2 Rc8 25.Ng1 Ne8 26.Qd2 Nd6 27.fxg6 hxg6 28.Nf3 Nf7 29.Re2 Rc6 30.Rg2 Rfc8
31.Qd1 R8c7 32.Rfg1 Bc8 33.Nf5 Kf8 34.Be7+ Ke8 35.Rxg6 Rc2+ 36.Kh1 Bf8 37.Rg8 Qxe7
38.Nxe7 Kxe7 39.Nh4 Bh6 40.Qf3 Be6 41.R8g2 Rxg2 42.Rxg2 Kd6 43.Nf5+ Bxf5
44.Qxf5 Ke7 45.Rg6 Rc1+ 46.Kg2 Rc2+ 47.Kf3 Be3 48.Qe6+ Kf8 49.Rf6 Rc7 50.Qxe5 Re7
51.Qf5 Kg7 52.Rg6+ Kf8 53.Qc8+ Re8 54.Rg8+ Kxg8 55.Qxe8+ Kg7 56.Qc8 Ne5+
57.Ke2 Ng6 58.Qb7+ Kg8 59.Qxa6 Nf4+ 60.Kd1 Nxd3 61.Qxb5 Nf4 62.Qc6 d3 63.a4 Kh7
64.a5 d2 65.a6 Ng2 66.Qd7+ Kh6 67.Qe6+ Kh7 68.Qf5+ Kh6 69.Qf3  1-0

[Event "6th ch-Cent SRB Int 2013"]
[Site "Paracin SRB"]
[Date "2013.07.06"]
[Round "2.21"]
[White "Tosic,S"]
[Black "Rajkovic,Mladen"]
[Result "1-0"]
[WhiteElo "2389"]
[BlackElo "2015"]

1.e4 c5 2.Nf3 e6 3.Nc3 a6 4.d4 cxd4 5.Nxd4 Qc7 6.g3 Nc6 7.Bg2 Nf6 8.O-O Be7
9.Re1 d6 10.Nxc6 bxc6 11.e5 dxe5 12.Rxe5 O-O 13.Bf4 Qb7 14.Rb1 Rd8 15.Qf3 Bd7
16.Na4 Nd5 17.Bd2 Bd6 18.Ree1 c5 19.c4 Bc6 20.Qb3 Qxb3 21.axb3 Ne7 22.Be3 Rac8
23.Red1 Bxa4 24.bxa4 Rb8 25.b4 cxb4 26.Ba7 Rbc8 27.c5 Bb8 28.Rxd8+ Rxd8 29.Bb6 Rd3
30.Rxb4 Rd1+ 31.Bf1 Nc6 32.Re4 e5 33.Kg2 f5 34.Re3 e4 35.Bxa6 Ne5 36.Be2 Ra1
37.a5 Kf7 38.f3 exf3+ 39.Bxf3 Nxf3 40.Kxf3 g5 41.Rd3 Ke6 42.Rd8 Be5 43.c6 g4+
44.Ke2 Rc1 45.a6  1-0

[Event "41st TCh-GRE"]
[Site "Rio (Achaia) GRE"]
[Date "2013.07.06"]
[Round "6.6"]
[White "Tsouba,Maria"]
[Black "Salahidi,Reveka"]
[Result "1-0"]
[WhiteElo "1521"]
[BlackElo "1705"]

1.e4 c5 2.Nf3 e6 3.d4 cxd4 4.Nxd4 a6 5.Nc3 Qc7 6.Bd3 Nf6 7.O-O b5 8.Qe2 d6
9.Bd2 Nbd7 10.a3 Ne5 11.Kh1 Nxd3 12.cxd3 g6 13.f4 Bg7 14.Rac1 Qb7 15.e5 dxe5
16.fxe5 Nd7 17.Nf3 O-O 18.d4 h6 19.Ne4 Qd5 20.Bb4 Re8 21.Nd6 Rd8 22.Rc7 f6
23.Rfc1 Nb6 24.exf6 Bxf6 25.Qc2 Qh5 26.Qc6 Rb8 27.Nxc8 Qf5 28.Nxb6  1-0

[Event "41st TCh-GRE"]
[Site "Rio (Achaia) GRE"]
[Date "2013.07.06"]
[Round "6.10"]
[White "Koukakis,Dimitrios"]
[Black "Anthopoulos,Hristos"]
[Result "0-1"]
[WhiteElo "1334"]
[BlackElo "1725"]

1.e4 c5 2.Nf3 e6 3.d4 cxd4 4.Nxd4 a6 5.Nc3 Qc7 6.Bd2 Nf6 7.Bd3 Be7 8.Nb3 d6
9.Qe2 Nbd7 10.O-O-O b5 11.a3 Bb7 12.f3 Nb6 13.Be3 Nfd7 14.Qf2 Nc4 15.Bxc4 Qxc4
16.Na5 Qc7 17.Nxb7 Qxb7 18.Qd2 Ne5 19.Qd4 O-O 20.Qb6 Qd7 21.b3 Rac8 22.Qd4 Nc6
23.Qd2 b4 24.Na4 Na5 25.Kb1 Nc4 26.bxc4 Qxa4 27.Qxb4 Rb8  0-1

[Event "VIII Wroclaw Open A 2013"]
[Site "Wroclaw POL"]
[Date "2013.07.06"]
[Round "6.5"]
[White "Sliwicki,D"]
[Black "Sadzikowski,D"]
[Result "0-1"]
[WhiteElo "2027"]
[BlackElo "2457"]

1.e4 c5 2.Nf3 e6 3.d4 cxd4 4.Nxd4 a6 5.Nc3 b5 6.g3 Bb7 7.Bg2 b4 8.Nce2 Nf6
9.Qd3 d5 10.exd5 Bxd5 11.Nf3 Nbd7 12.Bf4 Be7 13.O-O Rc8 14.Nd2 Nc5 15.Qd4 O-O
16.Be5 Bxg2 17.Kxg2 Qb6 18.Nf3 Rfd8 19.Qf4 Nd5 20.Qg4 f6 21.Bd4 e5 22.Bxc5 Rxc5
23.Qe4 Qc6 24.Kg1 Nf4 25.Qe3 Nxe2+ 26.Qxe2 Rxc2 27.Qe3 Qc5 28.Qe4 Qc4 29.Qb7 Bc5
30.Nh4 Qd5 31.Qxa6 Ra8 32.Qb5 Bxf2+ 33.Rxf2 Qxb5 34.Rxc2 b3 35.Rd2 bxa2 36.Nf5 Qc5+
37.Kg2 g6 38.Nh6+ Kg7 39.Ng4 f5 40.Nf2 e4 41.b4 Qxb4 42.Rdxa2 Rxa2 43.Rxa2 e3
44.Ra7+ Kh6 45.g4 exf2 46.h4 Qxg4+  0-1

[Event "3rd SPAChess Open"]
[Site "Amsterdam NED"]
[Date "2013.07.07"]
[Round "2.21"]
[White "Haver,Bas"]
[Black "Hachijan,A"]
[Result "0-1"]
[WhiteElo "2067"]
[BlackElo "2214"]

1.e4 c5 2.Nf3 e6 3.d4 cxd4 4.Nxd4 a6 5.Nc3 d6 6.Be3 Nf6 7.f3 b5 8.Qd2 Nbd7
9.g4 Nb6 10.O-O-O Bb7 11.Qe1 Nfd7 12.h4 Rc8 13.a3 Ne5 14.Bh3 Nbc4 15.Bf2 d5
16.exd5 Nxb2 17.Qxe5 Nxd1 18.Rxd1 Bxa3+ 19.Kb1 O-O 20.dxe6 Rxc3 21.Re1 f6
22.Qe2 Qd6 23.g5 Bxf3  0-1

[Event "ch-BEL Open 2013"]
[Site "Antwerp BEL"]
[Date "2013.07.07"]
[Round "2.15"]
[White "Verbruggen,S"]
[Black "Van Cappellen,J"]
[Result "0-1"]
[WhiteElo "1916"]
[BlackElo "2144"]

1.e4 c5 2.Nf3 e6 3.d4 cxd4 4.Nxd4 a6 5.Nc3 Qc7 6.Be3 Bb4 7.Qd3 Nf6 8.Ne2 O-O
9.f3 d5 10.O-O-O Nc6 11.Bg5 dxe4 12.fxe4 Rd8 13.Qf3 Rxd1+ 14.Kxd1 Be7 15.Ng3 b5
16.e5 Nd7 17.Bxe7 Ndxe5 18.Qe4 Qxe7 19.Bd3 Nxd3 20.Qxd3 Bb7 21.Kc1 Ne5 22.Qd4 Nc4
23.Rd1 e5 24.Qd3 Qb4 25.Qd8+ Rxd8 26.Rxd8+ Qf8 27.Rxf8+ Kxf8 28.Nce4 g6 29.b3 Ne3
30.Nc5 Bc8 31.Nge4 Ke7 32.g3 f5 33.Kd2 Nf1+  0-1

[Event "e2e4 Sunningdale July Open"]
[Site "Ascot ENG"]
[Date "2013.07.07"]
[Round "4"]
[White "Martin,Le"]
[Black "Shakespeare,John"]
[Result "1-0"]
[WhiteElo "2043"]
[BlackElo "1921"]

1.e4 c5 2.Nf3 a6 3.Nc3 e6 4.d4 cxd4 5.Nxd4 Qc7 6.g3 Nf6 7.Bg2 Bb4 8.Ne2 Nc6
9.O-O O-O 10.Bf4 d6 11.a3 e5 12.axb4 exf4 13.b5 fxg3 14.bxc6 gxh2+ 15.Kh1 bxc6
16.Qd2 Rb8 17.b3 Re8 18.Rad1 d5 19.exd5 cxd5 20.Qf4 Qxf4 21.Nxf4 Bf5 22.Ncxd5 Nxd5
23.Nxd5 Bxc2 24.Ra1 Rxb3 25.Nc7 Rf8 26.Nxa6 h6 27.Kxh2 Rb5 28.Ra3 Rh5+ 29.Kg1 Rg5
30.Re3 f5 31.Rg3 Rxg3 32.fxg3 Bd3 33.Ra1 f4 34.Nc5 Bf5 35.gxf4 g5 36.fxg5 hxg5
37.Ra7 Rd8 38.Rc7 Rd1+ 39.Kf2 Rd2+ 40.Kg3 Rd4 41.Re7 Rg4+ 42.Kf3 Rf4+ 43.Ke3 Kf8
44.Re5 Kf7 45.Bd5+ Kf6 46.Re8 Rh4 47.Nb3 Rh3+ 48.Kd4 g4 49.Nc1 Ra3 50.Rf8+ Kg5
51.Rg8+ Kf6 52.Ne2 Ra4+ 53.Ke3 Ke5 54.Re8+ Kf6 55.Nd4 Bd7 56.Rd8 Ke7 57.Rxd7+ Kxd7
58.Bc6+ Kd6 59.Bxa4 Ke5 60.Bc6 Kd6 61.Bb7 Ke5 62.Bg2 Kd6 63.Kf4 Kc5 64.Nc2 Kc4
65.Kxg4 Kd3 66.Nb4+ Kc4 67.Nd5 Kd4 68.Kf4 Kd3 69.Ke5 Kc4 70.Bf1+ Kb3 71.Bd3 Kb2
72.Kd4 Kb3 73.Ke3 Kb2 74.Kd2 Kb3 75.Kc1 Ka2 76.Kc2 Ka3 77.Kb1 Kb3 78.Ka1 Ka3
79.Bc4 Ka4 80.Kb2 Ka5 81.Kc3 Ka4 82.Ne3 Ka5 83.Kd4 Kb4 84.Nc2+ Ka5 85.Kc5 Ka4
86.Bd5 Ka5 87.Bb3 Ka6 88.Nd4 Ka5 89.Nc6+ Ka6 90.Bc4+ Kb7 91.Bb5 Kc7 92.Ne7 Kd8
93.Nd5 Kc8 94.Bc6 Kd8 95.Kd6 Kc8 96.Ke7 Kb8 97.Kd7 Ka7 98.Bb5 Kb7 99.Bc4 Kb8
100.Ba6 Ka7 101.Bc8 Kb8 102.Nc7 Ka7 103.Kc6 Kb8 104.Be6 Ka7 105.Bf5 Kb8 106.Nb5 Ka8
107.Kb6 Kb8 108.Na7 Ka8 109.Bc8 Kb8 110.Ba6 Ka8 111.Bb7+ Kb8 112.Nc6+  1-0